00000000nam 2200000zi 4500
0019.927246
003CaOODSP
00520250130124520
006m     o  d f      
007cr |n|||||||||
008230123e198905##oncab   ob   f|0| 0 eng d
040 |aCaOODSP|beng|erda|cCaOODSP
043 |an-cn-nt
0861 |aEn37-632/1989E-PDF
24500|aDiscussion paper on water quality monitoring for the Slave River, N.W.T. / |cprepared by: Dominion Ecological Consulting Ltd, RMC Resources Management Consultants Ltd.
264 1|aCalgary, Alberta : |bEnvironment Canada, Conservation and Protection, |cMay 1989.
300 |a1 online resource (1 volume (various pagings)) : |billustrations, maps
336 |atext|btxt|2rdacontent
337 |acomputer|bc|2rdamedia
338 |aonline resource|bcr|2rdacarrier
500 |aDigitized edition from print [produced by Environment and Climate Change Canada].
500 |a"Prepared for:Government of the Northwest Territories, Renewable Resources, Environment Canada, Conservation and Protection, Indian and Northern Affairs, Water Planning & Management."
504 |aIncludes bibliographical references.
650 0|aWater quality|zSlave River (Alta. and N.W.T.)
650 0|aWater quality management|zSlave River (Alta. and N.W.T.)
650 6|aEau|xQualité|zEsclaves, Rivière des (Alb. et T.N.-O.)
650 6|aEau|xQualité|xGestion|zEsclaves, Rivière des (Alb. et T.N.-O.)
7101 |aCanada. |bEnvironment Canada. |bConservation and Protection, |eissuing body.
7102 |aDominion Ecological Consulting Ltd., |econsultant.
7102 |aRMC Resources Management Consultants, |econsultant.
85640|qPDF|s109 MB|uhttps://publications.gc.ca/collections/collection_2025/eccc/en37/En37-632-1989-eng.pdf